Business Communication/ (Record no. 186243)

MARC details
000 -LEADER
fixed length control field 00719nam a22002297a 4500
005 - DATE AND TIME OF LATEST TRANSACTION
control field 20220218144024.0
010 ## - LCCN (DPL NO)
LC control number ENG-131679
020 ## - INTERNATIONAL STANDARD BOOK NUMBER
International Standard Book Number 9788195267835
Terms of availability 127.00
035 ## - SYSTEM CONTROL NUMBER
System control number EN-115211
037 ## - SOURCE OF ACQUISITION
Source of stock number/acquisition DBAD
082 ## - DEWEY DECIMAL CLASSIFICATION NUMBER
Classification number 658.45
100 ## - MAIN ENTRY--PERSONAL NAME
Personal name Choudary, G. Sridevi
245 ## - TITLE STATEMENT
Title Business Communication/
Statement of responsibility, etc G. Sridevi Choudhary et.al.
260 ## - PUBLICATION, DISTRIBUTION, ETC. (IMPRINT)
Place of publication, distribution, etc Hyderabad
Name of publisher, distributor, etc SunRaise International Publishers
Date of publication, distribution, etc 2021
270 ## - ADDRESS
Address # 326/C, III Floor, Surneni Nilayam Near B K Guda Park, S R Nagar
City Hyderabad
Postal code 500038
300 ## - PHYSICAL DESCRIPTION
Extent viii, 136p.
Dimensions 24cm(pbk)
700 ## - ADDED ENTRY--PERSONAL NAME
Personal name Sailaja, M.
700 ## - ADDED ENTRY--PERSONAL NAME
Personal name Nagaraju, P.
700 ## - ADDED ENTRY--PERSONAL NAME
Personal name Rao, E. Prabhakar
700 ## - ADDED ENTRY--PERSONAL NAME
Personal name Babu, A. Srinivasa
942 ## - ADDED ENTRY ELEMENTS (KOHA)
Source of classification or shelving scheme Dewey Decimal Classification
Item type English Books
Classification part 658.45
Call number suffix CHO
Holdings
Withdrawn status Lost status Not for loan Collection code Home library Current library Date acquired Source of acquisition Cost, normal purchase price Full call number Barcode Copy number Cost, replacement price Koha item type
      Non-fiction Patel Nagar Patel Nagar 18/02/2022 DBAD/PUB 127.00 658.45 CHO EN-115211 1 127.00 English Books

© Delhi Public Library
Hit Counter
free hit counter